MECHANICS (Record no. 9852)

MARC details
000 -LEADER
fixed length control field 00749nam a22001697a 4500
003 - CONTROL NUMBER IDENTIFIER
control field SGT
020 ## - INTERNATIONAL STANDARD BOOK NUMBER
International Standard Book Number 9788121905992
082 ## - DEWEY DECIMAL CLASSIFICATION NUMBER
Classification number 530,MAT
100 ## - MAIN ENTRY--PERSONAL NAME
Personal name MATHUR,D.S.
245 ## - TITLE STATEMENT
Title MECHANICS
250 ## - EDITION STATEMENT
Edition statement 1ST
260 ## - PUBLICATION, DISTRIBUTION, ETC. (IMPRINT)
Place of publication, distribution, etc NEW DELHI
Name of publisher, distributor, etc S.CHAND
Year of Publication 2016
300 ## - PAGE DESCRIPTION
No. of Pages 834
650 ## - SUBJECT ADDED ENTRY--TOPICAL TERM
Topical term or geographic name as entry element PHYSICS, MECHANICS
653 ## - KEYWORDS--INDEX TERM
Keyword term 1. VECTORS 2. REFERENCE FRAMS- NEWTON'S LAWAS 3. RELATIVITY 4. NON-RELASTIVISTIC PARTICLE DYNAMICS 5. CONSERVATION LAWS - LAW OF CONSERVATION OF ENERGY 6. CONSERVATION LAWS (CONTD.)7. HARMONIC OSCILLATOR 8. HARMONIC OSCILLATOR (CONTD.) 9. WAVE MOTION 10. DYNAMIC OF RIGID BODIES 11.GRAVITATION - FIELDS AND POTENTIALS 12. ELASCITY 13. BENDING OF BEAMS 14.HYDRODYNAMICS - VISCOSITY 15. PRODUCTION AND MEASUREMENT
942 ## - ADDED ENTRY ELEMENTS (KOHA)
Source of classification or shelving scheme Dewey Decimal Classification
Koha item type FPS Books
942 ## - ADDED ENTRY ELEMENTS (KOHA)
-- 1
Holdings
Withdrawn status Lost status Source of classification or shelving scheme Damaged status Not for loan Collection code Home library Current library Shelving location Date acquired Vendor Name Cost, normal purchase price SGTU Bill Number Total Checkouts Full call number Accession No. (Barcode) Date last seen Date last borrowed Bill Date Koha item type
    Dewey Decimal Classification     SCIENCE SGT Science & Social Sciences Library SGT Science & Social Sciences Library Text Book 05/09/2016 AHUJA BOOK 550.00 SGTU 7161 16 530,MAT PS2383 26/11/2019 07/11/2019 16/08/2016 FPS Books
    Dewey Decimal Classification     SCIENCE SGT Science & Social Sciences Library SGT Science & Social Sciences Library Text Book 05/09/2016 AHUJA BOOK 550.00 SGTU 7161 19 530,MAT PS2384 15/01/2025 13/01/2025 16/08/2016 FPS Books
    Dewey Decimal Classification     SCIENCE SGT Science & Social Sciences Library SGT Science & Social Sciences Library Text Book 05/09/2016 AHUJA BOOK 550.00 SGTU 7161 8 530,MAT PS2385 07/12/2020 13/03/2020 16/08/2016 FPS Books
    Dewey Decimal Classification   Not For Loan SCIENCE SGT Science & Social Sciences Library SGT Science & Social Sciences Library Reference Book 05/09/2016 AHUJA BOOK 550.00 SGTU 7161   530,MAT PS2386 16/10/2018   16/08/2016 FPS Books